Issues of Environmental Protection in the Processes of Statutory Audit of Financial Statements

Predmetom záujmu audítora je účtovná závierka ako celok. V procese plánovania a vykonávania audítorských postupov a pri vyhodnocovaní a oznamovaní ich výsledkov musí audítor rozpoznať, či nedodržiavanie zákonov a predpisov zo strany účtovnej jednotky môže významne ovplyvniť účtovnú závierku. Od audi...

Descripción completa

Guardado en:
Detalles Bibliográficos
Autor principal: Krišková, Petra, 1981-
Otros Autores: Užík, Ján, 1969-
Formato: Capítulo de libro
Lenguaje:inglés
Materias:
Etiquetas: Agregar Etiqueta
Sin Etiquetas, Sea el primero en etiquetar este registro!

MARC

LEADER 00000naa$a2200000$$$4500
001 0288594
005 20240502083923.1
041 0 |a eng 
044 |a CZ 
245 1 0 |a Issues of Environmental Protection in the Processes of Statutory Audit of Financial Statements  |c Petra Krišková, Ján Užík 
520 |a Predmetom záujmu audítora je účtovná závierka ako celok. V procese plánovania a vykonávania audítorských postupov a pri vyhodnocovaní a oznamovaní ich výsledkov musí audítor rozpoznať, či nedodržiavanie zákonov a predpisov zo strany účtovnej jednotky môže významne ovplyvniť účtovnú závierku. Od auditu však nemožno očakávať, že odhalí nedodržiavanie všetkých zákonov a predpisov. Najmä pokiaľ ide o dodržiavanie zákonov a predpisov týkajúcich sa životného prostredia zo strany účtovnej jednotky. Environmentálne otázky sú pre čoraz viac účtovných jednotiek čoraz dôležitejšie a v niektorých prípadoch môžu mať významný vplyv na ich účtovnú závierku. V prípade, že environmentálne otázky sú pre účtovnú jednotku významné, audítor musí pri audite účtovnej závierky zvážiť všetky aspekty týkajúce sa životného prostredia. 
610 2 0 |a audítorstvo 
610 2 0 |a audit externý 
610 2 0 |a audítori 
610 2 0 |a závierka účtovná 
610 2 0 |a výkazníctvo finančné 
610 2 0 |a výkazy finančné 
610 2 0 |a ochrana prostredia životného 
610 2 0 |a bezpečnosť environmentálna 
100 1 |a Krišková, Petra, 1981- 
700 1 |a Užík, Ján, 1969-